ბათუმის შოთა რუსთაველის სახელმწიფო უნივერსიტეტის ბიბლიოთეკა

Lecture Notes on Radiology / (ბიბ.ჩანაწერი № 61780)

000 -LEADER
fixed length control field 00514nam a22001817a 4500
005 - DATE AND TIME OF LATEST TRANSACTION
control field 20240502113215.0
008 - FIXED-LENGTH DATA ELEMENTS--GENERAL INFORMATION
fixed length control field 240502s2002 enk||||| |||| 00| 0 eng d
020 ## - INTERNATIONAL STANDARD BOOK NUMBER
International Standard Book Number 9780632047581x
041 ## - LANGUAGE CODE
Language code of text/sound track or separate title eng
080 ## - UNIVERSAL DECIMAL CLASSIFICATION NUMBER
Universal Decimal Classification number 615.849 P-32
100 ## - MAIN ENTRY--PERSONAL NAME
Personal name Patel, Pradip R.
9 (RLIN) 22039
245 ## - TITLE STATEMENT
Title Lecture Notes on Radiology /
Statement of responsibility, etc. Pradip R. Patel.
264 ## - PRODUCTION, PUBLICATION, DISTRIBUTION, MANUFACTURE, AND COPYRIGHT NOTICE
Place of production, publication, distribution, manufacture London :
Name of producer, publisher, distributor, manufacturer Blackwel,
Date of production, publication, distribution, manufacture, or copyright notice 2002.
300 ## - PHYSICAL DESCRIPTION
Extent 272 p.
Other physical details ill.;
Dimensions 23 sm.
653 ## - INDEX TERM--UNCONTROLLED
keyword რადიოლოგია
653 ## - INDEX TERM--UNCONTROLLED
keyword მედიცინა
942 ## - ADDED ENTRY ELEMENTS (KOHA)
Source of classification or shelving scheme
Koha item type წიგნი
ეგზემპლარები
Withdrawn status Lost status Source of classification or shelving scheme Damaged status Not for loan Permanent Location Current Location Shelving location Date acquired Cost, normal purchase price Full call number Barcode Date last seen Copy number Price effective from Koha item type Public note
          ბათუმის შოთა რუსთაველის სახელმწიფო უნივერსიტეტის მთავარი ბიბლიოთეკა ბათუმის შოთა რუსთაველის სახელმწიფო უნივერსიტეტის მთავარი ბიბლიოთეკა წიგნსაცავი 2024-05-02 79.00 615.849 P-32 67947 2024-05-02 67947 2024-05-02 წიგნი 79 ლ.